KOHA-Header-6

Basic Concepts of Analytical Chemistry (Record no. 13097)

000 -LEADER
fixed length control field 00303nam a22001337a 4500
020 ## - INTERNATIONAL STANDARD BOOK NUMBER
ISBN 978812242092
082 ## - DEWEY DECIMAL CLASSIFICATION NUMBER
Classification number 543
100 ## - MAIN ENTRY--AUTHOR NAME
Personal name S M Khopkar
245 ## - TITLE STATEMENT
Title Basic Concepts of Analytical Chemistry
250 ## - EDITION STATEMENT
Edition statement 3rd
260 ## - PUBLICATION, DISTRIBUTION, ETC. (IMPRINT)
Place of publication India
Name of publisher New Age International
Year of publication 2008
300 ## - PHYSICAL DESCRIPTION
Number of Pages 604 pages
942 ## - ADDED ENTRY ELEMENTS (KOHA)
Koha item type Books
Holdings
Withdrawn status Lost status Collection code Permanent Location Current Location Shelving location Date acquired Full call number Accession Number Koha item type
    Bio Sciences MAJU MAJU Shelf No.A37 2021-05-25 543 10202 Bio Science

Powered by Koha